000
00266nam a2200109Ia 4500
008
190913s9999||||xx |||||||||||||| ||und||
100
_a
Caffrey, Scherer
245
0
_a
Oracle DBA Interactive Workbook
260
_a
UK
_b
McGraw Hill
_c
1996
300
_a
320
942
_c
BK
999
_c
8184
_d
8184